| 000 | 004760000a22001930004500 | ||
|---|---|---|---|
| 003 | LK-CoMWRAF | ||
| 005 | 20231211094713.0 | ||
| 008 | 230817t1979 ||||| |||| 00| 0 eng d | ||
| 040 |
_aLK-CoMWRAF _dLK-CoMWRAF _eLK-CoMWRAF |
||
| 041 | _aeng | ||
| 082 |
_a297.82 _bBAZ |
||
| 100 | _aBazargan, Mehdi | ||
| 245 | _a The inevitable victory | ||
| 260 | _c1979 | ||
| 300 | _a 37 p. ; 21 cm | ||
| 650 | _aShīʿah- Apologetic works | ||
| 700 | _aYusefi, Mohammad | ||
| 942 | _cBK | ||
| 999 |
_c1985 _d1985 |
||